上野駅・京成上野駅から1、2番目の旅客停車駅 - Statistics

General Stats
  • This quiz has been taken 55 times
  • The average score is 35 of 48
Answer Stats
番目 停車駅 % Correct
1 鶯谷
98%
1 東京
98%
1 日暮里
98%
1 大宮
98%
2 日暮里
98%
1 御徒町
96%
1 秋葉原
94%
2 秋葉原
94%
2 高崎
89%
2 宇都宮
89%
2 青砥
89%
2 熊谷
87%
2 小山
85%
1 尾久
83%
1 赤羽
83%
2 神田
83%
2 赤羽
83%
2 品川
83%
2 仙台
83%
2 新橋
81%
2 三河島
81%
2 北千住
77%
2 浦和
74%
2 長野
74%
1 稲荷町
72%
2 新三河島
72%
1 田端
70%
1 水戸
70%
1 上野広小路
70%
1 仲御徒町
70%
2 水戸
70%
2 田原町
70%
1 土浦
68%
2 土浦
68%
2 空港第2ビル
68%
1
66%
1 入谷
62%
2 越後湯沢
62%
2 上中里
60%
2 勝田
60%
2 軽井沢
60%
2 千住大橋
60%
2 三ノ輪
57%
2 末広町
55%
2 龍ケ崎市
47%
1 新越谷
34%
2 茅場町
30%
2 せんげん台
30%
No matching quizzes found
Score Distribution
Percent of People with Each Score
Percentile by Number Answered
Your Score History
You have not taken this quiz